Gardiens des citées perdues - Statistiques

Statistiques générales
  • Ce quiz a été pris 39 fois
  • Le résultat moyen est 3 sur 15
Statistiques - réponses
Hint Réponse % Correct
Personnage dont Sophie n'apprécie pas particulièrement ses cours Lady Galvin
56%
Créature particulièrement cute Félix
41%
Créature particulièrement cute Luna
41%
Garde du corps d'Edaline Cadoc
33%
Personnage qui sonde Sophie à son arrivée Quinlin Sonden
30%
Personnage assez cruelle avec ses enfants Mai Song
26%
Personnage assez cruelle avec ses enfants Quan Song
26%
S'occupe de l'hémisphère droit Bora
19%
Personnage qui aide beaucoup Tam Lady Zillah
19%
Personnage qui travaille au bureau des unions Ceri
11%
Connait des secrets qu'elle ne divulgue jamais Vertina
11%
Personnage qui aurait pu être amie avec Sophie Jolie Ruewen
7%
Personnage qui MALHEUREUSEMENT dort parfois avec Sophie Bulhorn
4%
Personne importante avec ce qu'on pense qu'elle a fait Cyrah Endal
4%
Personnage très calme Juline Dizznee
4%
Aucun quiz correspondant
Distribution des résultats
% des personnes avec chaque résultat
Percentile par nombre de réponses
Votre historique - résultats
Vous n’avez pas pris ce quiz